[Event "BPB Limburg open B"]
[Site "Maastricht"]
[Date "2014.06.06"]
[Round "1"]
[White "Boschmans, Johan"]
[Black "Bondarchuk, Vadim"]
[Result "0-1"]
[WhiteElo "1878"]
[BlackElo "2039"]
[PlyCount "96"]
[EventDate "2014.06.06"]
[EventType "swiss"]
[EventRounds "7"]
[EventCountry "NED"]
[Source "P.Boonen"]
[SourceDate "2014.10.10"]

1. d4 d5 2. c4 e6 3. g3 c5 4. Bg2 cxd4 5. cxd5 e5 6. Nf3 Qxd5 7. O-O Nc6 8. Nc3
Qa5 9. Ne4 h6 10. e3 f5 11. Ned2 g6 12. Nc4 Qb4 13. Nfd2 dxe3 14. Nxe3 Nf6 15.
a3 Qb5 16. Ndc4 e4 17. Nd6+ Bxd6 18. Qxd6 Qe5 19. Nc4 Qxd6 20. Nxd6+ Ke7 21.
Rd1 Ne8 22. Nxe4 fxe4 23. Bxe4 Bf5 24. Bd5 Rd8 25. Re1+ Kf8 26. Ba2 Nd4 27. Kg2
Nc2 28. Be3 Nxe1+ 29. Rxe1 b6 30. Bf4 g5 31. Be5 Rh7 32. Bc3 a5 33. Re5 Bc8 34.
Re3 Bb7+ 35. Kf1 Re7 36. Be5 Bd5 37. Bb1 Bc4+ 38. Ke1 Rd5 39. f4 Red7 40. Bc2
Rd2 41. Bg6 Rd1+ 42. Kf2 a4 43. Bc3 Re7 44. Be5 Rd2+ 45. Kg1 Bd5 46. Rc3 Bb7
47. Bf5 Nd6 48. Bg6 Ne4 0-1

[Event "BPB Limburg open B"]
[Site "Maastricht"]
[Date "2014.06.06"]
[Round "1"]
[White "Broekmeulen, Joris"]
[Black "Ismail, Tamer"]
[Result "1-0"]
[WhiteElo "2035"]
[BlackElo "1873"]
[PlyCount "67"]
[EventDate "2014.06.06"]
[EventType "swiss"]
[EventRounds "7"]
[EventCountry "NED"]
[Source "P.Boonen"]
[SourceDate "2014.10.10"]

1. c4 d6 2. Nc3 g6 3. g3 Bg7 4. Bg2 c6 5. Nf3 Nf6 6. O-O O-O 7. d3 Nbd7 8. Rb1
e5 9. b4 a5 10. b5 c5 11. Bg5 Nb6 12. Ne1 h6 13. Bxf6 Bxf6 14. Nc2 Rb8 15. Ne3
Be6 16. Qd2 Bg7 17. h4 f5 18. Ned5 Nxd5 19. Bxd5 Bxd5 20. Nxd5 b6 21. Qe3 Qd7
22. Kg2 Qe6 23. Rbe1 Kh7 24. f4 Rb7 25. Qf3 e4 26. dxe4 fxe4 27. Qb3 Bd4 28. e3
Bf6 29. Qd1 Bd8 30. h5 g5 31. fxg5 Rxf1 32. g6+ Kg7 33. Rxf1 Qe5 34. Qg4 1-0

[Event "BPB Limburg open B"]
[Site "Maastricht"]
[Date "2014.06.06"]
[Round "1"]
[White "Coenen, Siegfried"]
[Black "Beukema, Jasper"]
[Result "0-1"]
[WhiteElo "1992"]
[BlackElo "1862"]
[PlyCount "80"]
[EventDate "2014.06.06"]
[EventType "swiss"]
[EventRounds "7"]
[EventCountry "NED"]
[Source "P.Boonen"]
[SourceDate "2014.10.10"]

1. e4 c5 2. Ne2 Nc6 3. c3 d6 4. d4 Nf6 5. d5 Ne5 6. f4 Ned7 7. Ng3 h5 8. h4 Nb6
9. Bb5+ Bd7 10. Bxd7+ Qxd7 11. b3 c4 12. Be3 Qc7 13. b4 e6 14. dxe6 fxe6 15. a4
Ng4 16. Bg1 g6 17. a5 Nd7 18. Qd4 e5 19. Qd5 exf4 20. Qe6+ Kd8 21. Bd4 Nde5 22.
Ne2 Bh6 23. Bxe5 Nxe5 24. O-O f3 25. gxf3 Re8 26. Qd5 Rf8 27. f4 Qd7 28. Rf2
Nd3 29. Rg2 Bxf4 30. Rxg6 Ne5 31. Nxf4 Nxg6 32. Ne6+ Ke7 33. Qg5+ Kxe6 34.
Qxg6+ Rf6 35. Qg5 Raf8 36. Nd2 R8f7 37. Qxh5 Rg7+ 38. Kh1 Ke7 39. Nf3 Qh3+ 40.
Nh2 Qg2# 0-1

[Event "BPB Limburg open B"]
[Site "Maastricht"]
[Date "2014.06.06"]
[Round "1"]
[White "Cornelius, Jorg"]
[Black "Vandenbroucke, Tim"]
[Result "1-0"]
[WhiteElo "2039"]
[BlackElo "1878"]
[PlyCount "93"]
[EventDate "2014.06.06"]
[EventType "swiss"]
[EventRounds "7"]
[EventCountry "NED"]
[Source "P.Boonen"]
[SourceDate "2014.10.10"]

1. e4 c5 2. Nc3 g6 3. f4 Nc6 4. Nf3 Bg7 5. g3 e6 6. Bg2 Nge7 7. O-O O-O 8. d3
d5 9. e5 Rb8 10. Nb5 a6 11. Nd6 Nf5 12. Nxf5 exf5 13. Be3 d4 14. Bf2 Be6 15.
Re1 Qb6 16. Qc1 Bd5 17. c3 Rbc8 18. c4 Be6 19. Ng5 Rfe8 20. Qd2 a5 21. Qe2 h6
22. Nxe6 fxe6 23. h3 Rf8 24. Rab1 Ra8 25. Qf3 Rf7 26. Kh2 Kh7 27. Rg1 Rg8 28.
Be1 Qc7 29. Bd2 Bf8 30. Qe2 Rfg7 31. Rbe1 Be7 32. Kh1 Bd8 33. Bf3 Qf7 34. Rg2
Kh8 35. Reg1 Qd7 36. Qe1 Qc7 37. g4 Nb8 38. Qg3 Qe7 39. gxf5 gxf5 40. Qxg7+
Rxg7 41. Rxg7 Qxg7 42. Rxg7 Kxg7 43. Bxb7 Nd7 44. Kg2 Nf8 45. Bc6 Kf7 46. a3
Be7 47. Bxa5 1-0

[Event "BPB Limburg open B"]
[Site "Maastricht"]
[Date "2014.06.06"]
[Round "1"]
[White "Cromsight, Jeroen"]
[Black "Been, Klaas"]
[Result "1-0"]
[WhiteElo "1939"]
[BlackElo "1799"]
[PlyCount "75"]
[EventDate "2014.06.06"]
[EventType "swiss"]
[EventRounds "7"]
[EventCountry "NED"]
[Source "P.Boonen"]
[SourceDate "2014.10.10"]

1. e4 e5 2. Nf3 d6 3. d4 exd4 4. Nxd4 Nf6 5. Nc3 Be7 6. Be2 Bd7 7. O-O Nc6 8.
Be3 O-O 9. f4 Re8 10. Bf3 Bf8 11. h3 Nxd4 12. Bxd4 c5 13. Bf2 Qc7 14. Qd3 Bc6
15. Rfe1 Nd7 16. Rad1 Rad8 17. g4 a6 18. Kg2 b5 19. Bh4 f6 20. g5 Be7 21. Nd5
Bxd5 22. Qxd5+ Kh8 23. Bh5 g6 24. Bg4 Kg7 25. Bxd7 Rxd7 26. gxf6+ Bxf6 27.
Bxf6+ Kxf6 28. e5+ Kg7 29. f5 Qb7 30. f6+ Kf8 31. e6 Qxd5+ 32. Rxd5 Rc7 33.
Rxd6 Ra8 34. Kf3 c4 35. Red1 Rcc8 36. Rd7 Kg8 37. Rg7+ Kh8 38. Rdd7 1-0

[Event "BPB Limburg open B"]
[Site "Maastricht"]
[Date "2014.06.06"]
[Round "1"]
[White "De Feijter, Bas"]
[Black "Van Hoorn, Geert"]
[Result "1-0"]
[WhiteElo "1894"]
[BlackElo "1695"]
[PlyCount "63"]
[EventDate "2014.06.06"]
[EventType "swiss"]
[EventRounds "7"]
[EventCountry "NED"]
[Source "P.Boonen"]
[SourceDate "2014.10.10"]

1. d4 Nf6 2. c4 c5 3. d5 b5 4. cxb5 a6 5. bxa6 Bxa6 6. Nc3 g6 7. g3 d6 8. Bg2
Bg7 9. Nf3 O-O 10. O-O Nbd7 11. Rb1 Qb6 12. b3 Rfb8 13. Qc2 Ng4 14. Na4 Qa7 15.
h3 Nge5 16. Nxe5 Nxe5 17. Be3 Nd7 18. Nb2 Nb6 19. Rfd1 Rc8 20. a4 Qd7 21. a5
Nxd5 22. Bxd5 Qxh3 23. Bg2 Qh5 24. Bf3 Qh3 25. Na4 c4 26. Nb6 cxb3 27. Qe4 d5
28. Qg4 Qxg4 29. Bxg4 f5 30. Bf3 Bc4 31. Nxa8 Rxa8 32. Bxd5+ 1-0

[Event "BPB Limburg open B"]
[Site "Maastricht"]
[Date "2014.06.06"]
[Round "1"]
[White "De Mey, Juan Pablo"]
[Black "Kastelein, Gerard"]
[Result "1/2-1/2"]
[WhiteElo "1946"]
[BlackElo "1802"]
[PlyCount "23"]
[EventDate "2014.06.06"]
[EventType "swiss"]
[EventRounds "7"]
[EventCountry "NED"]
[Source "P.Boonen"]
[SourceDate "2014.10.10"]

1. d4 Nc6 2. Nf3 d5 3. c4 Bg4 4. Be3 e6 5. g3 Bxf3 6. exf3 dxc4 7. Bxc4 Bb4+ 8.
Nc3 Nge7 9. O-O Nf5 10. d5 Bxc3 11. bxc3 Nxe3 12. fxe3 {.....} 1/2-1/2

[Event "BPB Limburg open B"]
[Site "Maastricht"]
[Date "2014.06.06"]
[Round "1"]
[White "Drose, Daniela"]
[Black "Rache, Ralf"]
[Result "1/2-1/2"]
[WhiteElo "1952"]
[BlackElo "1832"]
[PlyCount "34"]
[EventDate "2014.06.06"]
[EventType "swiss"]
[EventRounds "7"]
[EventCountry "NED"]
[Source "P.Boonen"]
[SourceDate "2014.10.10"]

1. c4 Nf6 2. g3 g6 3. Bg2 Bg7 4. Nc3 c5 5. e3 O-O 6. Nge2 d6 7. O-O Nc6 8. d3
Bg4 9. Qc2 Qd7 10. Nf4 e5 11. Nfd5 Bh3 12. Nxf6+ Bxf6 13. Nd5 Bg7 14. Bxh3 Qxh3
15. a3 Qd7 16. Rb1 Ne7 17. Nxe7+ Qxe7 1/2-1/2

[Event "BPB Limburg open B"]
[Site "Maastricht"]
[Date "2014.06.06"]
[Round "1"]
[White "Esser, Thomas"]
[Black "Rutten, David"]
[Result "1-0"]
[WhiteElo "1983"]
[BlackElo "1853"]
[PlyCount "59"]
[EventDate "2014.06.06"]
[EventType "swiss"]
[EventRounds "7"]
[EventCountry "NED"]
[Source "P.Boonen"]
[SourceDate "2014.10.10"]

1. d4 c5 2. d5 Nf6 3. Nc3 d6 4. e4 g6 5. Nf3 Bg7 6. Bd3 O-O 7. O-O Na6 8. h3
Nc7 9. a4 Bd7 10. Bg5 Re8 11. Re1 b6 12. e5 dxe5 13. Nxe5 Nfxd5 14. Nxd5 Bxe5
15. Nxe7+ Rxe7 16. Rxe5 Rxe5 17. Bxd8 Rxd8 18. Qf3 Kg7 19. Qb7 Nd5 20. Qxa7 Bc6
21. Qa6 Rde8 22. Qc4 Nf6 23. Qc3 Nd5 24. Qd2 g5 25. Bb5 Bxb5 26. axb5 Nf4 27.
Kf1 Re2 28. Qc3+ Kg6 29. g3 Nd5 30. Qd3+ 1-0

[Event "BPB Limburg open B"]
[Site "Maastricht"]
[Date "2014.06.06"]
[Round "1"]
[White "Eveleens, Ed"]
[Black "Blijlevens, Pim"]
[Result "0-1"]
[WhiteElo "1779"]
[BlackElo "1934"]
[PlyCount "84"]
[EventDate "2014.06.06"]
[EventType "swiss"]
[EventRounds "7"]
[EventCountry "NED"]
[Source "P.Boonen"]
[SourceDate "2014.10.10"]

1. e4 e6 2. d4 d5 3. e5 c5 4. c3 Nc6 5. Nf3 Qb6 6. a3 f6 7. Bd3 Bd7 8. O-O cxd4
9. cxd4 fxe5 10. Nxe5 Nxe5 11. dxe5 O-O-O 12. Qc2+ Kb8 13. Be3 d4 14. Bc1 Ne7
15. Nd2 Nd5 16. Nf3 Be7 17. Rd1 Rc8 18. Qd2 Ba4 19. Re1 Bb3 20. Be4 Bc5 21. Bd3
h6 22. Qe2 g5 23. g3 Ne7 24. Nd2 Nf5 25. Nxb3 Qxb3 26. Bc4 Qb6 27. b4 Be7 28.
Qa2 Ng7 29. Bd2 g4 30. Bd3 Bg5 31. Rac1 Nf5 32. Rxc8+ Rxc8 33. Bxg5 hxg5 34.
Qd2 Qd8 35. Rc1 Rxc1+ 36. Qxc1 Qd5 37. Qxg5 a6 38. Bxf5 exf5 39. Qxf5 d3 40.
Qf8+ Ka7 41. Qc5+ Qxc5 42. bxc5 d2 0-1

[Event "BPB Limburg open B"]
[Site "Maastricht"]
[Date "2014.06.06"]
[Round "1"]
[White "Fadavian, Marius"]
[Black "Van den Berg, Jaap"]
[Result "1-0"]
[WhiteElo "2040"]
[BlackElo "1879"]
[PlyCount "39"]
[EventDate "2014.06.06"]
[EventType "swiss"]
[EventRounds "7"]
[EventCountry "NED"]
[Source "P.Boonen"]
[SourceDate "2014.10.10"]

1. d4 f5 2. c3 Nf6 3. Qc2 d6 4. Bg5 e6 5. Nd2 Be7 6. Ngf3 Nbd7 7. h4 Nb6 8. e4
O-O 9. Bd3 d5 10. exf5 exf5 11. Bxf5 Bxf5 12. Qxf5 Qd7 13. Qd3 Bd6 14. O-O-O
Rae8 15. Rde1 Nc8 16. Bxf6 Rxf6 17. Rxe8+ Qxe8 18. Re1 Re6 19. Rxe6 Qxe6 20.
Qxh7+ 1-0

[Event "BPB Limburg open B"]
[Site "Maastricht"]
[Date "2014.06.06"]
[Round "1"]
[White "Feltman, Bart"]
[Black "Moog, Gerhard"]
[Result "1/2-1/2"]
[WhiteElo "1728"]
[BlackElo "1898"]
[PlyCount "103"]
[EventDate "2014.06.06"]
[EventType "swiss"]
[EventRounds "7"]
[EventCountry "NED"]
[Source "P.Boonen"]
[SourceDate "2014.10.10"]

1. b4 d5 2. Bb2 e6 3. e3 Nf6 4. a3 c6 5. Nf3 Bd6 6. Be2 Nbd7 7. O-O O-O 8. d3
Qc7 9. Nbd2 a5 10. bxa5 Rxa5 11. c4 b6 12. Nb3 Ra7 13. Qc2 Bb7 14. cxd5 exd5
15. Nbd4 Rfa8 16. Rfc1 Nc5 17. Nf5 g6 18. Nxd6 Qxd6 19. Be5 Qe6 20. Qb2 Ncd7
21. Bf4 c5 22. Ng5 Qe7 23. Nf3 Bc6 24. Ne5 Nxe5 25. Bxe5 Nd7 26. Bg3 f6 27. Bg4
f5 28. Bf3 Qf6 29. Qb3 Qf7 30. Qb2 Qe6 31. Bf4 b5 32. Bh6 Qf7 33. g4 fxg4 34.
Bxg4 Nf6 35. Bh3 c4 36. dxc4 dxc4 37. Qe5 Re8 38. Qc5 Ra6 39. Qd4 Qd5 40. Qxd5+
Bxd5 41. Rd1 Rea8 42. Rab1 Bf7 43. Rxb5 Rxa3 44. Rb6 Nd5 45. Rb7 Ra1 46. Rxa1
Rxa1+ 47. Kg2 Ra8 48. e4 Nf6 49. f3 Ra2+ 50. Kg1 Ra1+ 51. Kg2 Ra2+ 52. Kg1
1/2-1/2

[Event "BPB Limburg open B"]
[Site "Maastricht"]
[Date "2014.06.06"]
[Round "1"]
[White "Flohr, Ron E"]
[Black "Kuciapa, Andre"]
[Result "1/2-1/2"]
[WhiteElo "1932"]
[BlackElo "1778"]
[PlyCount "92"]
[EventDate "2014.06.06"]
[EventType "swiss"]
[EventRounds "7"]
[EventCountry "NED"]
[Source "P.Boonen"]
[SourceDate "2014.10.10"]

1. d4 Nf6 2. Bg5 d5 3. Bxf6 exf6 4. e3 Be7 5. Nd2 c6 6. Bd3 f5 7. Ngf3 Be6 8.
c3 Nd7 9. Qc2 g6 10. h4 h5 11. c4 Nf6 12. a3 Ne4 13. b4 a5 14. Rb1 axb4 15.
axb4 Nxd2 16. Kxd2 Qb6 17. c5 Qc7 18. g3 f6 19. Rhc1 Kf7 20. Ke2 Rhc8 21. Kf1
b5 22. Ra1 Qb7 23. Kg2 Ra7 24. Ng1 Rca8 25. Qb2 Ra6 26. Rxa6 Qxa6 27. Qd2 Qb7
28. Ne2 Ra3 29. Nf4 Qa8 30. Be2 Bd7 31. Rc2 Ra1 32. Bf3 Kg7 33. Qe2 Be8 34.
Ne6+ Kf7 35. Nc7 Qa7 36. Nxe8 Kxe8 37. Bxd5 cxd5 38. Qxb5+ Kf8 39. c6 Qc7 40.
Qb7 Bd6 41. b5 Ra7 42. Qxc7 Bxc7 43. Rc5 Ke7 44. Rxd5 Bb6 45. Kf3 Ke6 46. Rc5
Kd6 1/2-1/2

[Event "BPB Limburg open B"]
[Site "Maastricht"]
[Date "2014.06.06"]
[Round "1"]
[White "Freer, Glenn"]
[Black "Willockx, Ritsaart"]
[Result "1/2-1/2"]
[WhiteElo "1824"]
[BlackElo "1952"]
[PlyCount "107"]
[EventDate "2014.06.06"]
[EventType "swiss"]
[EventRounds "7"]
[EventCountry "NED"]
[Source "P.Boonen"]
[SourceDate "2014.10.10"]

1. e4 c6 2. d4 d5 3. Nc3 dxe4 4. Nxe4 Nf6 5. Ng3 g6 6. h3 Bg7 7. Nf3 O-O 8. Bc4
b5 9. Bb3 Bb7 10. O-O Nbd7 11. Be3 Nb6 12. Qd2 a5 13. a3 Rc8 14. Qxa5 Nfd5 15.
Qd2 Nxe3 16. fxe3 c5 17. c3 e6 18. Qf2 Qe7 19. Rad1 c4 20. Bc2 Rcd8 21. e4 Qc7
22. Ne2 Nd7 23. e5 Nb6 24. Ng5 Qe7 25. Qg3 Bh6 26. Rf6 Nd5 27. Rdf1 Nxf6 28.
exf6 Qd6 29. Qh4 Bxg5 30. Qxg5 Qd5 31. Qg3 e5 32. Rf2 exd4 33. Nxd4 Rfe8 34.
Rf1 Re5 35. Nf5 Qxg2+ 36. Qxg2 Bxg2 37. Nh6+ Kf8 38. Kxg2 Re2+ 39. Kg3 Rxc2 40.
Re1 Rd7 41. Re5 Rxb2 42. Rc5 Rd3+ 43. Kh4 Ke8 44. Rc7 Rh2 45. Re7+ Kd8 46.
Nxf7+ Kc8 47. Ng5 h6 48. Ne4 Rdxh3+ 49. Kg4 Rh4+ 50. Kg3 R2h3+ 51. Kg2 Rh2+ 52.
Kg3 R2h3+ 53. Kg2 Rh2+ 54. Kg3 1/2-1/2

[Event "BPB Limburg open B"]
[Site "Maastricht"]
[Date "2014.06.06"]
[Round "1"]
[White "Frijling, Jeroen"]
[Black "Alvarez Carbajales, Fermin"]
[Result "0-1"]
[WhiteElo "1835"]
[BlackElo "1952"]
[PlyCount "60"]
[EventDate "2014.06.06"]
[EventType "swiss"]
[EventRounds "7"]
[EventCountry "NED"]
[Source "P.Boonen"]
[SourceDate "2014.10.10"]

1. d4 d6 2. c4 e5 3. d5 f5 4. Nf3 Nf6 5. Nc3 Be7 6. g3 a5 7. Bg2 Nbd7 8. Qc2
Nc5 9. b3 O-O 10. O-O Nh5 11. e3 f4 12. e4 g5 13. Nd2 g4 14. Re1 Bg5 15. Bb2
Qf6 16. Ndb1 fxg3 17. fxg3 Nd3 18. Re2 Nb4 19. Qd1 Qh6 20. h4 gxh3 21. Bf1 Nxg3
22. Nd2 Bg4 23. Qe1 Nxe2+ 24. Bxe2 Be3+ 25. Kh1 Bxe2 26. Qxe2 Bxd2 27. Rg1+ Kh8
28. Nb5 Rg8 29. Rxg8+ Rxg8 30. Nxc7 Qg5 0-1

[Event "BPB Limburg open B"]
[Site "Maastricht"]
[Date "2014.06.06"]
[Round "1"]
[White "Gendarme, Pierre"]
[Black "Dalemans, Diana"]
[Result "1/2-1/2"]
[WhiteElo "1844"]
[BlackElo "1965"]
[PlyCount "71"]
[EventDate "2014.06.06"]
[EventType "swiss"]
[EventRounds "7"]
[EventCountry "NED"]
[Source "P.Boonen"]
[SourceDate "2014.10.10"]

1. d4 g6 2. e4 Bg7 3. Nc3 c5 4. Be3 cxd4 5. Bxd4 Nf6 6. Nd5 O-O 7. Nxf6+ exf6
8. Qf3 Nc6 9. Bc3 a6 10. a4 Re8 11. Bc4 Qe7 12. Bd5 f5 13. Bxg7 Kxg7 14. Qc3+
Qe5 15. Qxe5+ Nxe5 16. f3 fxe4 17. fxe4 Ng4 18. Ne2 Ne3 19. Kd2 Nxd5 20. exd5
d6 21. a5 Bf5 22. Nc3 Be4 23. Nxe4 Rxe4 24. c3 Rc8 25. b3 Rf4 26. Ke3 g5 27. c4
Re8+ 28. Kd3 Rf2 29. Rae1 Rxe1 30. Rxe1 Rxg2 31. b4 Rxh2 32. c5 Rh3+ 33. Kc4
Rh4+ 34. Kc3 Rh3+ 35. Kc4 Rh4+ 36. Kc3 1/2-1/2

[Event "BPB Limburg open B"]
[Site "Maastricht"]
[Date "2014.06.06"]
[Round "1"]
[White "Gunther, Marcella"]
[Black "Orbons, Richard"]
[Result "1-0"]
[WhiteElo "1922"]
[BlackElo "1758"]
[PlyCount "57"]
[EventDate "2014.06.06"]
[EventType "swiss"]
[EventRounds "7"]
[EventCountry "NED"]
[Source "P.Boonen"]
[SourceDate "2014.10.10"]

1. d4 Nf6 2. c4 g6 3. Nc3 Bg7 4. Nf3 d6 5. e4 O-O 6. Be2 e5 7. d5 c6 8. O-O
Nbd7 9. b4 c5 10. Ba3 cxb4 11. Bxb4 Qb6 12. Rb1 Nc5 13. Qc2 Ne8 14. Na4 Nxa4
15. Qxa4 Qd8 16. c5 f5 17. Bd3 Nf6 18. Nd2 Bh6 19. exf5 gxf5 20. cxd6 Ng4 21.
h3 e4 22. Bb5 Nxf2 23. Rxf2 Be3 24. Nc4 Bxf2+ 25. Kxf2 Qh4+ 26. Kg1 f4 27. d7
Bxd7 28. Bxd7 Rf7 29. Be6 1-0

[Event "BPB Limburg open B"]
[Site "Maastricht"]
[Date "2014.06.06"]
[Round "1"]
[White "Ibrahim, Ashraf"]
[Black "Hoelting, Siegfried"]
[Result "1-0"]
[WhiteElo "1794"]
[BlackElo "1938"]
[PlyCount "34"]
[EventDate "2014.06.06"]
[EventType "swiss"]
[EventRounds "7"]
[EventCountry "NED"]
[Source "P.Boonen"]
[SourceDate "2014.10.10"]

1. d4 d5 2. c4 c6 3. Nc3 Nf6 4. Nf3 e6 5. Bg5 Be7 6. e3 Nbd7 7. Qc2 h6 8. Bh4
a6 9. c5 b6 10. b4 a5 11. b5 Bb7 12. Na4 O-O 13. Ne5 cxb5 14. Nxd7 Nxd7 15.
Bxe7 Qxe7 16. Bxb5 bxc5 17. Bxd7 Qxd7 {.....} 1-0

[Event "BPB Limburg open B"]
[Site "Maastricht"]
[Date "2014.06.06"]
[Round "1"]
[White "Kalle, Erwin"]
[Black "Plug, Arjan"]
[Result "0-1"]
[WhiteElo "1691"]
[BlackElo "1893"]
[PlyCount "98"]
[EventDate "2014.06.06"]
[EventType "swiss"]
[EventRounds "7"]
[EventCountry "NED"]
[Source "P.Boonen"]
[SourceDate "2014.10.10"]

1. e4 e6 2. d4 d5 3. Nd2 h6 4. Bd3 Nf6 5. e5 Nfd7 6. Ne2 c5 7. c3 Nc6 8. O-O
cxd4 9. cxd4 Qb6 10. Nf3 Nb4 11. Bb1 Nb8 12. a3 N4a6 13. b4 Bd7 14. Bb2 Bb5 15.
Nd2 Nd7 16. f4 g6 17. Rf2 Nc7 18. g4 a5 19. bxa5 Rxa5 20. Qc1 Bxe2 21. Rxe2 Nb8
22. Bc3 Ra8 23. Nf3 Rxa3 24. Rxa3 Bxa3 25. Bb2 Bb4 26. f5 gxf5 27. gxf5 Nc6 28.
Qf4 Ba3 29. Bxa3 Qxb1+ 30. Kf2 Qxf5 31. Qxf5 exf5 32. Rb2 Kd7 33. Rxb7 Rb8 34.
Rxc7+ Kxc7 35. Bd6+ Kd7 36. Bxb8 Nxb8 37. Kg3 Ke6 38. Kh4 Nd7 39. Kh5 f6 40.
exf6 Kxf6 41. Kxh6 Nf8 42. h4 Ne6 43. Kh7 f4 44. h5 Ng5+ 45. Nxg5 Kxg5 46. h6
f3 47. Kg7 f2 48. h7 f1=Q 49. h8=Q Qf6+ 0-1

[Event "BPB Limburg open B"]
[Site "Maastricht"]
[Date "2014.06.06"]
[Round "1"]
[White "Kocur, Marc"]
[Black "Meyer, Stefan"]
[Result "1-0"]
[WhiteElo "1906"]
[BlackElo "1747"]
[PlyCount "83"]
[EventDate "2014.06.06"]
[EventType "swiss"]
[EventRounds "7"]
[EventCountry "NED"]
[Source "P.Boonen"]
[SourceDate "2014.10.10"]

1. d4 Nf6 2. Nf3 d5 3. c4 e6 4. Nc3 Nbd7 5. cxd5 exd5 6. a3 c6 7. Bf4 Be7 8. h3
O-O 9. e3 Re8 10. Bd3 Nf8 11. O-O Bd6 12. Bxd6 Qxd6 13. Qc2 a5 14. Rab1 Ne6 15.
b4 axb4 16. axb4 b5 17. Rfc1 g6 18. Ne5 Bb7 19. f4 Nd7 20. Ng4 Kg7 21. Qf2 Nf6
22. Ne5 Nd7 23. f5 Nd8 24. Ng4 Nf6 25. fxg6 Nxg4 26. hxg4 fxg6 27. g5 Qe7 28.
e4 Qxg5 29. exd5 cxd5 30. Nxb5 Qe3 31. Rc7+ Kg8 32. Rd1 Qxf2+ 33. Kxf2 Rf8+ 34.
Kg1 Ba6 35. Re1 Rf7 36. Re8+ Kg7 37. Rxf7+ Kxf7 38. Nd6+ Kg7 39. b5 Bxb5 40.
Bxb5 Ra1+ 41. Kf2 Nf7 42. Re7 1-0

[Event "BPB Limburg open B"]
[Site "Maastricht"]
[Date "2014.06.06"]
[Round "1"]
[White "Laan, Yorick"]
[Black "Snoeck, Rene"]
[Result "0-1"]
[WhiteElo "1776"]
[BlackElo "1929"]
[PlyCount "94"]
[EventDate "2014.06.06"]
[EventType "swiss"]
[EventRounds "7"]
[EventCountry "NED"]
[Source "P.Boonen"]
[SourceDate "2014.10.10"]

1. d4 d5 2. c4 e6 3. Nc3 Nf6 4. Bg5 Be7 5. Nf3 Nbd7 6. e3 O-O 7. c5 c6 8. Qc2
e5 9. Be2 exd4 10. exd4 Re8 11. O-O Nf8 12. b4 Bg4 13. b5 Ne4 14. Bxe7 Rxe7 15.
Rfe1 Qa5 16. Bd3 Rae8 17. Bxe4 dxe4 18. Ne5 Bd7 19. Rab1 cxb5 20. Nxd7 Rxd7 21.
Rxb5 Qd8 22. d5 a6 23. Rb6 Qc7 24. Nxe4 Rxd5 25. Nf6+ gxf6 26. Rxe8 Rxc5 27.
Qd1 Rc1 28. Rd6 Rxd1+ 29. Rxd1 Qc2 30. Rde1 Qxa2 31. h4 Kg7 32. h5 Ne6 33. Re7
b5 34. Re3 f5 35. h6+ Kf6 36. Rb7 Qd5 37. Ra7 Qd1+ 38. Kh2 Qd6+ 39. Kg1 b4 40.
Rb7 a5 41. g3 a4 42. Kh2 Qd2 43. Rf3 Qd5 44. Rxb4 Qxf3 45. Rxa4 Qxf2+ 46. Kh1
Qf1+ 47. Kh2 Qe2+ 0-1

[Event "BPB Limburg open B"]
[Site "Maastricht"]
[Date "2014.06.06"]
[Round "1"]
[White "Leontiev, Oleg"]
[Black "Gruschinski, Marc"]
[Result "1/2-1/2"]
[WhiteElo "1896"]
[BlackElo "1714"]
[PlyCount "52"]
[EventDate "2014.06.06"]
[EventType "swiss"]
[EventRounds "7"]
[EventCountry "NED"]
[Source "P.Boonen"]
[SourceDate "2014.10.10"]

1. d4 Nf6 2. Nf3 e6 3. e3 c5 4. Bd3 Nc6 5. O-O Qc7 6. a3 b6 7. Nbd2 Bb7 8. b3
g5 9. Bb2 g4 10. dxc5 Be7 11. cxb6 axb6 12. Nd4 Nxd4 13. Bxd4 Qc6 14. e4 h5 15.
Qe2 Rg8 16. Rfe1 Ra5 17. b4 Rag5 18. b5 Qc7 19. Nc4 g3 20. fxg3 Ng4 21. h3 Bc5
22. c3 Ne5 23. Kh1 Nxd3 24. Qxd3 Rxg3 25. Be5 Rxd3 26. Bxc7 Rxc3 1/2-1/2

[Event "BPB Limburg open B"]
[Site "Maastricht"]
[Date "2014.06.06"]
[Round "1"]
[White "Londers, Jan"]
[Black "Taverniers, Peter"]
[Result "1-0"]
[WhiteElo "1890"]
[BlackElo "1686"]
[PlyCount "67"]
[EventDate "2014.06.06"]
[EventType "swiss"]
[EventRounds "7"]
[EventCountry "NED"]
[Source "P.Boonen"]
[SourceDate "2014.10.10"]

1. e4 e5 2. Nf3 d6 3. d4 exd4 4. Nxd4 Nf6 5. Nc3 Be7 6. f3 O-O 7. Be3 Bd7 8.
Qd2 Nc6 9. O-O-O Nxd4 10. Qxd4 c5 11. Qd2 a6 12. g4 b5 13. h4 b4 14. Nd5 Nxd5
15. exd5 a5 16. h5 h6 17. Kb1 a4 18. Bd3 a3 19. b3 Bf6 20. Qh2 Be5 21. f4 Bc3
22. g5 Qe7 23. Bc1 Bg4 24. Rdf1 hxg5 25. fxg5 Qe5 26. Qg2 Bd7 27. g6 Bb2 28.
Re1 Qf6 29. Rhf1 Qh4 30. gxf7+ Rxf7 31. Qg6 Rf2 32. Qh7+ Kf7 33. Bg6+ Kf8 34.
Qh8# 1-0

[Event "BPB Limburg open B"]
[Site "Maastricht"]
[Date "2014.06.06"]
[Round "1"]
[White "Mercan Cano, Oscar"]
[Black "Bieberle, Gerhart"]
[Result "1-0"]
[WhiteElo "1758"]
[BlackElo "1923"]
[PlyCount "75"]
[EventDate "2014.06.06"]
[EventType "swiss"]
[EventRounds "7"]
[EventCountry "NED"]
[Source "P.Boonen"]
[SourceDate "2014.10.10"]

1. d4 Nf6 2. c4 e6 3. Nc3 c5 4. d5 d6 5. e4 e5 6. Bg5 a6 7. a4 Nbd7 8. Bd3 h6
9. Be3 Be7 10. Nge2 O-O 11. Ng3 Kh7 12. O-O g5 13. Nf5 Ng8 14. h4 f6 15. Ne2
Nb6 16. Neg3 Rf7 17. Be2 Bf8 18. a5 Bxf5 19. Nxf5 Nc8 20. Bh5 Rc7 21. Qf3 Nce7
22. hxg5 fxg5 23. Ng3 Ng6 24. Nf5 Nf4 25. g3 Nxh5 26. Qxh5 Nf6 27. Qf3 g4 28.
Qh1 Kg6 29. f4 Rh7 30. fxe5 dxe5 31. Rf2 b5 32. Nh4+ Kg7 33. Raf1 Nd7 34. Rf7+
Kg8 35. Rxh7 Kxh7 36. Nf5 Nf6 37. Nxh6 Ng8 38. Nf7+ 1-0

[Event "BPB Limburg open B"]
[Site "Maastricht"]
[Date "2014.06.06"]
[Round "1"]
[White "Mertens, Andreas"]
[Black "Coenen, Bert"]
[Result "1/2-1/2"]
[WhiteElo "1983"]
[BlackElo "1852"]
[PlyCount "74"]
[EventDate "2014.06.06"]
[EventType "swiss"]
[EventRounds "7"]
[EventCountry "NED"]
[Source "P.Boonen"]
[SourceDate "2014.10.10"]

1. d4 d6 2. e4 Nf6 3. Bd3 e5 4. Nf3 Nbd7 5. c3 Be7 6. O-O O-O 7. Re1 c6 8. Nbd2
Re8 9. Nf1 Bf8 10. a4 b6 11. Bg5 Qc7 12. dxe5 dxe5 13. b4 a6 14. Bc4 Be7 15.
Qb3 Rf8 16. Ng3 Bb7 17. Nf5 Bd8 18. Rad1 Ne8 19. Bxf7+ Rxf7 20. Bxd8 Qxd8 21.
Ng5 Qxg5 22. Rxd7 Qh5 23. Rxb7 Kf8 24. Rxf7+ Qxf7 25. Qxf7+ Kxf7 26. Rd1 g6 27.
Nd6+ Ke6 28. Nc4 b5 29. Nb2 Nd6 30. f3 a5 31. axb5 cxb5 32. bxa5 Rxa5 33. Nd3
Ra3 34. Nc5+ Ke7 35. Rd3 h5 36. Kf2 h4 37. Ke2 Nc4 1/2-1/2